000 00378cam a22001097a 4500
008 180718b-- xxu||||| |||| 00| 0 eng d
082 _aW100x54 In2C/T
245 _aIndian Railway code for the Traffic Department (commercial)
_cby Ministry of Railways, India
260 _aNew Delhi
_bManager of Publications
_c--
500 _aLibrary has 1958
700 _aIndia. Ministry of Railways
999 _c480412
_d480412